[Event "ISR-ch op"]
[Site "Acre"]
[Date "2024.01.24"]
[Round "4"]
[White "Azoulay, Yehonatan"]
[Black "Gluhovsky, Mark"]
[Result "0-1"]
[WhiteElo "2008"]
[BlackElo "2235"]
[PlyCount "86"]
[EventDate "2024.01.21"]
[EventType "swiss"]
[EventRounds "9"]
[EventCountry "ISR"]
[SourceTitle "CB05_2024"]
[SourceDate "2024.01.31"]
[SourceVersion "1"]
[SourceVersionDate "2024.01.31"]
[SourceQuality "1"]

1. e4 c5 2. Nf3 Nc6 3. c3 e6 4. d4 d5 5. e5 Qb6 6. a3 Nh6 7. b4 cxd4 8. cxd4 Nf5 9. Be3 Bd7 10. Bd3 Rc8 11. Nbd2 Nd8 12. 0-0 Bb5 13. Qe2 Bxd3 14. Qxd3 Be7 15. Rac1 Rxc1 16. Rxc1 0-0 17. Nb3 Nc6 18. Nc5 Rc8 19. Bf4 h6 20. g4 Nh4 21. Nxh4 Bxh4 22. Be3 a6 23. f4 Nd8 24. g5 Qb5 25. Qd2 b6 26. a4 Qe8 27. Nxa6 Rxc1+ 28. Qxc1 Qxa4 29. Qf1 Qa3 30. Qe2 hxg5 31. fxg5 Nc6 32. b5 Ne7 33. Nc7 Nf5 34. Bd2 Nxd4 35. Qe3 Qa1+ 36. Kg2 Nf5 37. Qe2 g6 38. Ne8 Qb2 39. Nf6+ Kg7 40. Ne8+ Kh8 41. Kf1 Qb1+ 42. Be1 Bxe1 43. Qxe1 Qxb5+ 0-1

[Event "Wch U12"]
[Site "Batumi"]
[Date "2022.09.26"]
[Round "10"]
[White "Azoulay, Yehonatan"]
[Black "Syzdyk, Samir"]
[Result "1-0"]
[WhiteElo "1765"]
[BlackElo "1470"]
[PlyCount "67"]
[EventDate "2022.09.16"]
[EventType "swiss"]
[EventRounds "11"]
[EventCountry "GEO"]
[SourceTitle "EXT 2023"]
[Source "ChessBase"]
[SourceDate "2022.10.05"]
[SourceVersion "1"]
[SourceVersionDate "2022.10.05"]
[SourceQuality "1"]

1. e4 c5 2. Nf3 d6 3. d4 cxd4 4. Nxd4 Nf6 5. Nc3 Nc6 6. Be2 e5 7. Ndb5 a6 8. Na3 b5 9. Nd5 Nxd5 10. exd5 Nb8 11. 0-0 Be7 12. c4 bxc4 13. Nxc4 0-0 14. b4 f5 15. f4 Nd7 16. Kh1 Rb8 17. Na5 Bb7 18. Nc6 Qe8 19. Nxb8 Qxb8 20. a4 Nb6 21. a5 Nxd5 22. Bxa6 Bxa6 23. Qxd5+ Kh8 24. Rg1 Bf6 25. Rb1 Bb7 26. Qd2 exf4 27. Rf1 Be4 28. Bb2 Bxb1 29. Bxf6 Rxf6 30. Rxb1 Qb5 31. Qxf4 Re6 32. Qf1 Qe5 33. a6 Rh6 34. Qg1 1-0

[Event "Wch U12"]
[Site "Batumi"]
[Date "2022.09.19"]
[Round "4"]
[White "Azoulay, Yehonatan"]
[Black "Ahmad, Khagan"]
[Result "1-0"]
[WhiteElo "1765"]
[BlackElo "2196"]
[PlyCount "73"]
[EventDate "2022.09.16"]
[EventType "swiss"]
[EventRounds "11"]
[EventCountry "GEO"]
[SourceTitle "EXT 2023"]
[Source "ChessBase"]
[SourceDate "2022.10.05"]
[SourceVersion "1"]
[SourceVersionDate "2022.10.05"]
[SourceQuality "1"]

1. e4 c5 2. Nf3 Nc6 3. d4 cxd4 4. Nxd4 Nf6 5. Nc3 e5 6. Ndb5 d6 7. Bg5 a6 8. Na3 b5 9. Nd5 Be7 10. Bxf6 Bxf6 11. c4 Nd4 12. cxb5 Be6 13. Nxf6+ Qxf6 14. bxa6 Qg6 15. f3 0-0 16. Nc2 d5 17. Nxd4 exd4 18. e5 f6 19. exf6 Rae8 20. Kf2 Qxf6 21. Bb5 Rb8 22. a4 Qh4+ 23. g3 Qf6 24. Kg2 d3 25. Ra2 Qh6 26. h4 d4 27. Ra3 d2 28. Rd3 Bd5 29. Rf1 Rf7 30. Qxd2 Qf6 31. Kh2 Be6 32. Qg5 Qxg5 33. hxg5 Bd7 34. Bc4 Rxb2+ 35. Kg1 Bh3 36. Bxf7+ Kxf7 37. a7 1-0

[Event "Wch U12"]
[Site "Batumi"]
[Date "2022.09.18"]
[Round "3"]
[White "Dau, Khuong Duy"]
[Black "Azoulay, Yehonatan"]
[Result "1-0"]
[WhiteElo "2026"]
[BlackElo "1765"]
[PlyCount "147"]
[EventDate "2022.09.16"]
[EventType "swiss"]
[EventRounds "11"]
[EventCountry "GEO"]
[SourceTitle "EXT 2023"]
[Source "ChessBase"]
[SourceDate "2022.10.05"]
[SourceVersion "1"]
[SourceVersionDate "2022.10.05"]
[SourceQuality "1"]

1. e4 c5 2. Nf3 Nc6 3. Bb5 g6 4. 0-0 Bg7 5. c3 Nf6 6. Re1 0-0 7. d4 d5 8. e5 Ne4 9. Nbd2 cxd4 10. cxd4 Bf5 11. Bxc6 bxc6 12. Nb3 a5 13. Nh4 a4 14. Nxf5 gxf5 15. Nd2 Qb6 16. Nf1 f6 17. e6 f4 18. f3 f5 19. fxe4 Qxd4+ 20. Qxd4 Bxd4+ 21. Kh1 fxe4 22. g3 f3 23. Rd1 Bg7 24. Be3 a3 25. b4 Bxa1 26. Rxa1 Rf6 27. Bc5 Rxe6 28. Ne3 Re5 29. g4 h5 30. Bd4 Rg5 31. h4 e5 32. hxg5 exd4 33. Nf5 d3 34. Kg1 hxg4 35. Kf2 Re8 36. Ke3 Rf8 37. Nh6+ Kg7 38. Nxg4 Rf5 39. Kd4 Rxg5 40. Ne3 Kf7 41. Rc1 Rg6 42. b5 cxb5 43. Kxd5 Re6 44. Kd4 b4 45. Rb1 d2 46. Rd1 Rb6 47. Nc4 Rb8 48. Nxd2 Rd8+ 49. Kxe4 f2 50. Ke3 b3 51. axb3 a2 52. Ra1 Ke6 53. Ke2 Ra8 54. Kxf2 Kd5 55. Ke3 Kc5 56. Kd3 Kb4 57. Kc2 Rc8+ 58. Nc4 Ra8 59. Kb2 Rh8 60. Ne3 Rh3 61. Nc2+ Kb5 62. Rxa2 Rg3 63. Ra4 Rg2 64. Re4 Rh2 65. Re5+ Kc6 66. Kc3 Kb6 67. Nd4 Rh3+ 68. Kc4 Rh1 69. Re6+ Kb7 70. b4 Rc1+ 71. Kb5 Rc3 72. Re7+ Kc8 73. Kb6 Rc4 74. Nc6 1-0

[Event "EU-chT U12"]
[Site "Thessaloniki"]
[Date "2022.07.17"]
[Round "6.3"]
[White "Azoulay, Yehonatan"]
[Black "Golubovic, Erik"]
[Result "1/2-1/2"]
[WhiteElo "1805"]
[BlackElo "1594"]
[PlyCount "90"]
[EventDate "2022.07.12"]
[EventType "team-swiss"]
[EventRounds "7"]
[EventCountry "GRE"]
[SourceTitle "EXT 2023"]
[Source "ChessBase"]
[SourceDate "2022.10.05"]
[SourceVersion "1"]
[SourceVersionDate "2022.10.05"]
[SourceQuality "1"]
[WhiteTeam "Israel U12"]
[BlackTeam "Croatia U12"]
[WhiteTeamCountry "ISR"]
[BlackTeamCountry "CRO"]

1. e4 c5 2. Nf3 d6 3. d4 cxd4 4. Nxd4 Nf6 5. Nc3 a6 6. Be2 e5 7. Nb3 Be7 8. Bg5 Be6 9. Bxf6 Bxf6 10. Qd3 0-0 11. 0-0-0 Be7 12. Kb1 Nd7 13. Nd5 Bxd5 14. Qxd5 b5 15. h4 Qc7 16. h5 Rfc8 17. Qd3 h6 18. Bg4 Rcb8 19. Bxd7 Qxd7 20. g3 Rb6 21. f4 Bf6 22. Nd2 Qg4 23. Rdf1 Qe6 24. f5 Qe7 25. Nf3 a5 26. g4 Bg5 27. Nxg5 Qxg5 28. f6 gxf6 29. Rf5 Qg7 30. Rhf1 d5 31. Qxd5 Raa6 32. c3 Kh7 33. b3 Kg8 34. Qd3 Kh7 35. Ka1 b4 36. c4 Rd6 37. Qe2 Rac6 38. Qf2 Qxg4 39. c5 Rd1+ 40. Rxd1 Qxd1+ 41. Kb2 Qd8 42. Rf3 Qe7 43. Rd3 Qxc5 44. Qf5+ Kg7 45. Qg4+ Kh7 1/2-1/2